Suicidalita pri syndróme patologického hráčstva

Bibliographic Details
Main Authors: Nábělek, Ludvik, 1954- (Author), Vongrej, Ján (Author), Lóšková, R. (Author)
Format: Article
Language:Slovak
PhysicalDescription:Sch.
ISSN:0069-2336
Subjects:

MARC

LEADER 00000nab a2200000 a 4500
001 vtls000652045
003 SK-MaSNL
005 20260304085906.0
008 250425c1997 xo 0 slo
015 |a SNBRA1998/02-02503 
035 |a CLN000004239 
035 |a urn:nbn:sk:snk-abaivi 
035 |a (urnnbn)urn:nbn:sk:snk:ar-008i23 
035 |a (uuid)1122a9e6-eed9-4d78-af3a-91a5d3e4b9e9 
040 |a SNKBUCL  |b slo  |c SNKBUCL  |e AACR2 
041 0 |a slo 
044 |a xo  |c SK 
080 |a 616.89-008.441.44:613.8  |2 1997 
080 |a 613.8  |2 1997 
100 1 |a Nábělek, Ludvik,  |d 1954-  |4 aut  |9 47965 
245 1 0 |a Suicidalita pri syndróme patologického hráčstva  |c L. Nábělek, J. Vongrej, R. Lóšková 
300 |b Sch. 
504 |a Res. angl., čes. Bibliogr. odkazy 
650 0 7 |a samovražda  |x hráčstvo patologické  |2 snkbucl  |9 1380044 
650 0 7 |a hráčstvo patologické  |x samovražda  |2 snkbucl  |9 1380045 
655 7 |a články z novín a časopisov  |2 snkbucl  |9 267496 
700 1 |a Vongrej, Ján  |4 aut  |9 12018 
700 1 |a Lóšková, R.  |4 aut  |9 1380046 
773 0 |t Česká a slovenská psychiatrie  |g Roč. 93, č. 2 (1997), s. 75-80  |x 0069-2336 
850 |a Slovenská národná knižnica 
852 |a Slovenská národná knižnica 
954 |a odborná, vedecká literatúra pôvodná (slovenská)  |2 lita 
958 |a article14 
958 |a OND 
958 |a NB 
958 |a EUIPO 
999 |c 2809613  |d 2811543